000
00319nam a22001217a 4500
008
160518b xxu||||| |||| 00| 0 eng d
020
_a
9780781791182
020
_a
9780781791182
041
_a
eng
080
_a
618.2
245
_a
Health assessment in nursing:
_c
Janet Weber; Jane Kelley; Ann Sprengel;
942
_2
udc
_c
BK
999
_c
2163
_d
2163